| 000 | 00821cam a2200253 a 4500 | ||
|---|---|---|---|
| 001 | 000018758 | ||
| 005 | 20200929165843.0 | ||
| 008 | 820119s1972 fr 000 f fre d | ||
| 020 | _a2253010677 | ||
| 040 |
_aDO-SdBNP _bfre _cLC _dBNPHU |
||
| 082 |
_a843.73 _bB198c |
||
| 100 | 1 |
_aBalzac, Honoré de, _d1799-1850 _913333 |
|
| 245 | 1 | 3 |
_aLa cousine Bette / _cBalzac ; introducción de Roger Pierrot. |
| 260 |
_a[París] : _bLibrairie Générale Française, _c1972. |
||
| 300 |
_a512 p. ; _c18 cm. |
||
| 490 | 1 |
_aLe Livre de Poche. Classique _v952 |
|
| 650 | 4 |
_aNovela francesa _91075 |
|
| 650 | 4 |
_aLiteratura francesa _ySIGLO XIX _95031 |
|
| 700 | 1 |
_aPierrot, Roger, _eintrod. _940482 |
|
| 830 | 0 |
_aLe Livre de Poche. Classique ; _v952 _940483 |
|
| 910 | _aCatalogación derivada / LC | ||
| 910 | _aWM | ||
| 049 | _aBNGR | ||
| 999 |
_c18278 _d18278 |
||